Dirigeants de la France depuis 466 - Statistiques

Statistiques générales
  • Ce quiz a été pris 225 fois
  • Le résultat moyen est 73 sur 115
Statistiques - réponses
Date de règne / mandat Dirigeant % Correct
roi de 936 à 954 Louis IV
99%
empereur de 1830 à 1848 Louis-Philippe Ier
99%
roi de 1461 à 1483 Louis XI
99%
roi de 814 à 840 Louis I
99%
roi de 877 à 879 Louis II
99%
roi de 879 à 882 Louis III
99%
roi de 1226 à 1270 Louis IX
99%
président de 1848 à 1852 Louis Napoléon Bonaparte
99%
roi de 986 à 987 Louis V
99%
roi de 1108 à 1137 Louis VI
99%
roi de 1137 à 1180 Louis VII
99%
roi de 1223 à 1226 Louis VIII
99%
roi de 1314 à 1316 Louis X
99%
roi de 1498 à 1515 Louis XII
99%
roi de 1610 à 1643 Louis XIII
99%
roi de 1643 à 1715 Louis XIV
99%
roi de 1715 à 1774 Louis XV
99%
roi de 1774 à 1792 Louis XVI
99%
roi de 1793 à 1795 Louis XVII
99%
roi de 1814 à 1815 puis de 1815 à 1824 Louis XVIII
99%
président de 1959 à 1969 Charles de Gaulle
97%
président à partir de 2017 Emmanuel Macron
97%
président de 2012 à 2017 François Hollande
97%
président de 2007 à 2012 Nicolas Sarkozy
97%
roi de 1824 à 1830 Charles X
96%
président de 1995 à 2007 Jacques Chirac
96%
président de 1981 à 1995 François Mitterrand
92%
président de 1974 à 1981 Valéry Giscard d'Estaing
92%
roi de 639 à 691 Clovis II
91%
roi de 675 à 676 Clovis III
91%
roi de 691 à 695 Clovis IV
91%
roi de 466 à 511 Clovis Ier
91%
empereur de 1804 à 1814 puis de 1814 à 1815 Napoléon Ier
91%
empereur en 1815 Napoléon II
91%
empereur de 1852 à 1870 Napoléon III
91%
roi de 1589 à 1610 Henri IV
89%
roi de 1574 à 1610 Henri III
89%
roi de 1031 à 1060 Henri I
89%
roi de 1547 à 1559 Henri II
89%
président de 1940 à 1947 Philippe Pétain
88%
président de 1969 à 1974 Georges Pompidou
87%
roi de 1515 à 1547 François Ier
82%
roi de 1559 à 1560 François II
82%
roi de 768 à 814 Charles I
71%
roi de 1322 à 1328 Charles IV
71%
roi de 1560 à 1574 Charles IX
71%
roi de 885 à 888 Charles le gros
71%
roi de 1483 à 1498 Charles VIII
71%
roi de 840 à 877 Charles II
71%
roi de 898 à 922 Charles III
71%
roi de 1364 à 1380 Charles V
71%
roi de 1422 à 1461 Charles VII
71%
roi de 1380 à 1422 Charles VI
71%
roi de 1060 à 1108 Philippe Ier
71%
roi de 1180 à 1223 Philippe II
71%
roi de 1270 à 1285 Philippe III
71%
roi de 1285 à 1314 Philippe IV
71%
roi de 1316 à 1322 Philippe V
71%
roi de 1328 à 1350 Philippe VI
71%
président de 1954 à 1959 René Coty
69%
président de 1894 à 1895 Jean Casimir-Perrier
67%
roi en 1316 Jean I
65%
roi de 1350 à 1364 Jean II
65%
président de 1871 à 1873 Adolphe Thiers
57%
roi de 676 à 679 Dagobert II
57%
roi de 711 à 715 Dagobert III
57%
roi de 662 à 675 Childéric II
57%
roi de 623 à 639 Dagobert Ier
57%
roi de 715 à 751 Childéric III
57%
président de 1931 à 1932 Paul Doumer
57%
roi de 751 à 768 Pépin
55%
président en 1920 Paul Deschanel
52%
président de 1947 à 1954 Vincent Auriol
51%
président de 1885 à 1899 Félix Faure
50%
roi de 987 à 996 Hugues
50%
président de 1913 à 1920 Raymond Poincaré
48%
président de 1887 à 1894 Sadi Carnot
48%
président de 1873 à 1879 Patrice de Mac-Mahon
47%
président de 1932 à 1940 Albert Lebrun
45%
roi de 511 à 561 Clotaire Ier
45%
roi de 657 à 673 Clotaire III
45%
roi de 717 à 719 Clotaire IV
45%
roi de 584 à 629 Clotaire II
45%
président de 1879 à 1887 Jules Grévy
43%
président de 1924 à 1931 Gaston Doumergue
41%
roi de 715 à 721 Chilpéric II
37%
roi de 561 à 584 Chilpéric Ier
37%
roi de 922 à 923 Robert I
37%
roi de 996 à 1031 Robert II
37%
roi de 511 à 534 Thierry Ier
36%
roi de 595 à 613 Thierry II
36%
roi de 675 à 691 Thierry III
36%
roi de 721 à 737 Thierry IV
36%
président de 1920 à 1924 Alexandre Millerand
33%
roi de 511 à 558 Childebert Ier
31%
roi de 656 à 662 Childebert III
31%
roi de 695 à 711 Childebert IV
31%
roi de 575 à 596 Childebert II
31%
roi de 768 à 771 Carloman I
29%
roi de 879 à 884 Carloman II
29%
président de 1899 à 1906 Emile Loubet
29%
roi de 954 à 986 Lothaire
28%
roi de 888 à 898 Eudes
26%
président de 1906 à 1913 Armand Fallières
25%
roi de 923 à 936 Raoul
25%
roi en 613 Sigebert II
14%
roi de 561 à 575 Sigebert Ier
14%
roi de 639 à 656 Sigebert III
14%
roi de 511 à 524 Clodomir
11%
roi de 562 à 592 Gontran
11%
roi de 561 à 596 Caribert Ier
8%
roi de 629 à 632 Caribert II
8%
roi de 595 à 612 Thibert II
7%
roi de 548 à 612 Thibert Ier
7%
roi de 548 à 555 Thibault
6%
Aucun quiz correspondant
Distribution des résultats
% des personnes avec chaque résultat
Percentile par nombre de réponses
Votre historique - résultats
Vous n’avez pas pris ce quiz